Reflexiones sobre la accin̤ polt̕ica

Detalles Bibliográficos
Autor principal: Camacho Quiroz, Cšar
Formato: eBook
Lenguaje:español
Publicado: Ciudad de Mx̌ico: Cm̀ara de Diputados, 2008
Materias:
Acceso en línea:Acceso restringido

MARC

LEADER 00000nam a22000007a 4500
005 20171221185424.0
007 cr|||| ||||
008 171221s2008 mx |||||s|||| 00||0 spa d
035 |a 20928 
040 |a vLex 
090 |c 7345  |d 7345 
100 1 |a Camacho Quiroz, Cšar 
245 1 0 |a Reflexiones sobre la accin̤ polt̕ica  |h [Recurso electrn̤ico] /  |c Cšar Camacho Quiroz  
256 |a Servicio en ln̕ea 
260 |a Ciudad de Mx̌ico:  |b Cm̀ara de Diputados,  |c 2008 
300 |a 1 recurso electrn̤ico 
506 1 |a Disponible solo en los productos indicados  |d vLex Global  |d vLex Global (Academic Edition, excluding Law Schools)  |d vLex Global (U.S. Academic Edition, Law Schools)  |d vLex Global (U.S. Academic Edition, excluding Law Schools)  |d vLex Global (Academic Edition, Law Schools) 
650 0 4 |a Derecho Constitucional  |z Mx̌ico 
740 0 |a vLex Libros (Servicio en ln̕ea) 
856 4 0 |u http://vlex.com/source/reflexiones-sobre-la-accion-politica-20928  |z Acceso restringido 
942 |c BOOK 
999 0 |a Constitutional law